《诗经·风》诗歌 Poems from The Book of Songs: Feng - Statistics

General Stats
  • This quiz has been taken 25 times
    21 since last reset
  • The average score is 20 of 175
Answer Stats
篇名 诗歌 % Correct
秦风 蒹葭
89%
周南 关雎
74%
魏风 硕鼠
68%
卫风
63%
周南 桃夭
58%
篇名 卫风
53%
唐风 | 秦风 无衣
47%
篇名 秦风
42%
豳风 七月
42%
篇名 周南
37%
篇名 郑风
37%
郑风 子衿
37%
篇名 齐风
32%
篇名 邶风
26%
篇名 豳风
26%
周南 卷耳
26%
周南 芣苢
26%
卫风 硕人
26%
卫风 木瓜
26%
王风 黍离
26%
篇名 召南
21%
篇名 魏风
21%
篇名 唐风
21%
邶风 式微
21%
郑风 狡童
21%
齐风 鸡鸣
21%
魏风 伐檀
21%
篇名 王风
16%
周南 汉广
16%
召南 小星
16%
邶风 静女
16%
鄘风 相鼠
16%
王风 君子于役
16%
郑风 山有扶苏
16%
郑风 野有蔓草
16%
秦风 黄鸟
16%
豳风 伐柯
16%
篇名 陈风
11%
周南 葛覃
11%
周南 樛木
11%
周南 螽斯
11%
周南 汝坟
11%
周南 麟之趾
11%
召南 鹊巢
11%
召南 采蘩
11%
召南 草虫
11%
召南 采蘋
11%
召南 羔羊
11%
邶风 绿衣
11%
邶风 燕燕
11%
邶风 击鼓
11%
邶风 二子乘舟
11%
鄘风 蝃蝀
11%
卫风 淇奥
11%
卫风 芄兰
11%
卫风 河广
11%
卫风 伯兮
11%
唐风 | 王风 | 郑风 扬之水
11%
郑风 缁衣
11%
郑风 将仲子
11%
郑风 大叔于田
11%
唐风 | 桧风 | 郑风 羔裘
11%
郑风 遵大路
11%
郑风 女曰鸡鸣
11%
郑风 有女同车
11%
郑风 褰裳
11%
郑风
11%
郑风 风雨
11%
郑风 出其东门
11%
齐风
11%
齐风
11%
齐风 南山
11%
魏风 园有桃
11%
唐风 蟋蟀
11%
唐风 绸缪
11%
唐风 杕杜
11%
唐风 有杕之杜
11%
秦风 终南
11%
秦风 渭阳
11%
陈风 东门之池
11%
曹风 蜉蝣
11%
曹风 候人
11%
豳风 鸱鸮
11%
豳风 东山
11%
豳风 破斧
11%
豳风 狼跋
11%
篇名 鄘风
5%
篇名 桧风
5%
篇名 曹风
5%
召南 甘棠
5%
召南 殷其雷
5%
召南 摽有梅
5%
召南 江有汜
5%
召南 何彼秾矣
5%
召南 驺虞
5%
邶风 | 鄘风 柏舟
5%
邶风 日月
5%
邶风 凯风
5%
邶风 雄雉
5%
邶风 谷风
5%
邶风 泉水
5%
邶风 北门
5%
邶风 北风
5%
鄘风 墙有茨
5%
鄘风 君子偕老
5%
鄘风 鹑之奔奔
5%
鄘风 定之方中
5%
卫风 有狐
5%
王风 君子阳阳
5%
王风 中谷有蓷
5%
王风 兔爰
5%
王风 采葛
5%
王风 丘中有麻
5%
郑风 叔于田
5%
郑风 清人
5%
郑风 溱洧
5%
齐风 东方之日
5%
齐风 东方未明
5%
齐风 甫田
5%
齐风 卢令
5%
魏风 葛屦
5%
魏风 汾沮洳
5%
唐风 山有枢
5%
唐风 葛生
5%
唐风 采苓
5%
秦风 车邻
5%
秦风 驷驖
5%
秦风 晨风
5%
陈风 宛丘
5%
陈风 东门之枌
5%
陈风 东门之杨
5%
陈风 墓门
5%
陈风 月出
5%
陈风 株林
5%
陈风 泽陂
5%
桧风 隰有苌楚
5%
豳风 九罭
5%
周南 兔罝
0%
召南 行露
0%
召南 野有死麕
0%
邶风 终风
0%
邶风 匏有苦叶
0%
邶风 旄丘
0%
邶风 简兮
0%
邶风 新台
0%
鄘风 桑中
0%
鄘风 干旄
0%
鄘风 载驰
0%
卫风 考盘
0%
卫风 竹竿
0%
王风 葛藟
0%
王风 大车
0%
郑风 萚兮
0%
郑风 东门之墠
0%
齐风 敝笱
0%
齐风 载驱
0%
齐风 猗嗟
0%
魏风 陟岵
0%
魏风 十亩之间
0%
唐风 椒聊
0%
唐风 鸨羽
0%
秦风 小戎
0%
秦风 权舆
0%
陈风 衡门
0%
陈风 防有鹊巢
0%
桧风 素冠
0%
桧风 匪风
0%
曹风 鸤鸠
0%
曹风 下泉
0%
No matching quizzes found
Score Distribution
Percent of People with Each Score
Percentile by Number Answered
Your Score History
You have not taken this quiz since the last reset